| 000 | 01778nam0a2200349 4500 | ||
|---|---|---|---|
| 001 | RU\NLR\bibl\1972686 | ||
| 005 | 20240726092226.0 | ||
| 020 |
_aRU _b20-12416 _9Летопись авторефератов диссертаций |
||
| 021 |
_aRU _b2012-5840а _9234аа |
||
| 035 | _a(NLR Aleph) 001961506 | ||
| 090 |
_a3831914 _c3831914 |
||
| 100 | _a20120615d2012 u u0rusy50 ca | ||
| 101 | 0 | _arus | |
| 102 | _aRU | ||
| 105 | _aa dm ||||| | ||
| 200 | 1 |
_aМетаболические аспекты этиологии дисрегенерации и оптимизации репаративного остеогенеза при переломах длинных костей _e(клиническое исследование) _eавтореф. дис. на соиск. учен. степ. к. м. н. _eспециальность 14.01.15 <Травматология и ортопедия> _fАль Наджар Тарик Мерие Джамил _g[Рост. гос. мед. ун-т] _gМесто защиты: Сарат. ГМУ им. В. И. Разумовского |
|
| 210 |
_aСаратов _d2012 |
||
| 215 |
_a20 с. _cил. _d21 |
||
| 300 | _aНа тит. л. ошибочно спец. | ||
| 320 | _aБиблиогр.: с. 19-20 (10 назв.) | ||
| 675 |
_a617.3 _v3 _zrus |
||
| 686 |
_a76.29 _2rugasnti |
||
| 686 |
_a54.58 _2rubbk |
||
| 686 |
_a14.00.22 _2oksvnk |
||
| 700 | 1 |
_aАль Наджар Тарик Мерие Джамил _4070 |
|
| 801 | 0 |
_aRU _bRKP _c20120615 _gPSBO |
|
| 801 | 1 |
_aRU _bRKP _c20120615 |
|
| 801 | 2 |
_aRU _bNLR _c20121128 _grcr |
|
| 901 | _eАвторефераты | ||
| 942 | _cBOOK | ||
| 981 | 1 | 0 | _a(10) Авторефераты |